|
|
|
|
| LEADER |
01440nam a22003614a 4500 |
| 001 |
35728 |
| 003 |
BD-DhAAL |
| 005 |
20211129151812.0 |
| 008 |
190918r20062003enka bf 001 0 eng |
| 999 |
|
|
|c 41312
|d 41312
|
| 010 |
|
|
|a 2002106569
|
| 020 |
|
|
|a 0761949577
|
| 020 |
|
|
|a 0761949585 (pbk.)
|
| 020 |
|
|
|a 9780761949589
|
| 035 |
|
|
|a (DLC) 2002106569
|
| 040 |
|
|
|a DLC
|c DLC
|d DLC
|d BD-DhAAL
|
| 042 |
|
|
|a pcc
|
| 050 |
0 |
0 |
|a LB2395
|b .B84 2003
|
| 082 |
|
|
|a 378.170281
|2 23
|
| 100 |
1 |
|
|a Burns, Tom,
|d 1959-
|9 34882
|
| 245 |
1 |
0 |
|a Essential study skills :
|b the complete guide to success at university /
|c Tom Burns and Sandra Sinfield.
|
| 260 |
|
|
|a London ;
|a Thousand Oaks, Calif. :
|b SAGE Publications,
|c 2003 [reprinted 2006]
|
| 300 |
|
|
|a vi, 248 pages :
|b illustrations ;
|c 24 cm.
|
| 490 |
|
|
|a Sage study skills
|
| 504 |
|
|
|a Includes bibliographical references and index.
|
| 526 |
|
|
|a BIED
|
| 541 |
|
|
|a Complimentary copy from BIED
|e 35728
|
| 650 |
|
0 |
|a Study skills
|v Handbooks, manuals, etc.
|9 34883
|
| 650 |
|
0 |
|a College student orientation
|v Handbooks, manuals, etc.
|9 34884
|
| 700 |
1 |
|
|a Sinfield, Sandra.
|9 34885
|
| 852 |
|
|
|a Ayesha Abed Library
|c BIED Collection
|
| 942 |
|
|
|2 ddc
|c BK
|
| 952 |
|
|
|0 0
|1 0
|2 ddc
|4 0
|6 378_170281000000000_BUR
|7 0
|9 66401
|a BRACUL
|b BRACUL
|c GEN
|d 2019-09-18
|e Complimentary copy from BIED
|l 4
|m 42
|o 378.170281 BUR
|p 3010035728
|r 2024-09-30
|s 2024-09-19
|t 1
|w 2019-09-18
|y BK
|x Transferred from BIED to General Stacks
|